000 00961nam a2200253 a 4500
001 83596
003 BD-RjUL
005 20240428102605.0
008 240428s2010 bg a|||| m||| 00| 0 eng d
035 _a(BD-RjUL)83596
040 _aBD-RjUL
_beng
_cBD-RjUL
_dBD-RjUL
041 _aeng
082 _223
_a577.627
_bHOI 2010
100 _aHomyra, Nur-Es-SABA
_912738
245 1 0 _aImpact of Industrial Effluent on the Aquatic Biota in Rajshahi, Bangladesh /
_cBy Nur-Es-SABA Homyra ;
_6Supervisor : Sabrina Naz, Supervisor : M. Zaman
260 _aRajshahi :
_bInstitute of Biological Science, University of Rajshahi
_c2010
300 _avi, 238 Leaves :
_bill, ;
_c29 cm.
502 _aThesis (Ph. D.) -- Institute of Biological Science, University of Rajshahi, 2010
504 _aReferences : Leaves 211-238
650 _aEcology
_vAquatic
_912739
700 _aNaz, Sabrina, Supervisor
_912740
700 _aZaman, M., Supervisor
_95454
942 _2ddc
_cTHE
999 _c83596
_d83596